| Tag |
First Indicator |
Second Indicator |
Subfields |
| LEADER |
00000cas a2200000 i 4500 |
| 001 |
in00003599430 |
| 005 |
20211120173210.0 |
| 006 |
m o | |
| 007 |
cr ||||||||||| |
| 008 |
150716c19079999dcu|| o f| 0eng c |
| 010 |
|
|
|a 2015231508
|
| 035 |
|
|
|a (OCoLC)ocn913877311
|
| 040 |
|
|
|a GPO
|b eng
|e rda
|e pn
|c GPO
|d MvI
|
| 042 |
|
|
|a pcc
|
| 043 |
|
|
|a n-us---
|
| 049 |
|
|
|a WWW
|
| 074 |
|
|
|a 0620 (online)
|
| 086 |
0 |
|
|a I 19.3:M 66/
|
| 110 |
2 |
|
|a Geological Survey (U.S.),
|e author.
|
| 245 |
1 |
0 |
|a Mineral resources of Alaska :
|b report on progress of investigations in ...
|
| 264 |
|
1 |
|a [Washington, D.C.] :
|b Department of the Interior, United States Geological Survey
|
| 264 |
|
2 |
|a Washington :
|b Government Printing Office
|
| 300 |
|
|
|a 1 online resource.
|
| 310 |
|
|
|a Annual
|
| 336 |
|
|
|a text
|b txt
|2 rdacontent
|
| 337 |
|
|
|a computer
|b c
|2 rdamedia
|
| 338 |
|
|
|a online resource
|b cr
|2 rdacarrier
|
| 362 |
1 |
|
|a Began with: 1907.
|
| 490 |
1 |
|
|a Bulletin / United States Geological Survey
|
| 588 |
|
|
|a Description based on: 1907; title from PDF title page (viewed July 16, 2015).
|
| 588 |
|
|
|a Latest issue consulted: 1931 (viewed July 16, 2015).
|
| 650 |
|
0 |
|a Mines and mineral resources
|z Alaska.
|
| 776 |
0 |
8 |
|i Print version:
|a Geological Survey (U.S.).
|t Mineral resources of Alaska : report on progress of investigations in ...
|w (OCoLC)191712597
|
| 780 |
0 |
0 |
|a Geological Survey (U.S.)
|t Report on progress of investigations of mineral resources of Alaska in ...
|w (DLC) 2015231507
|w (OCoLC)913876993
|
| 830 |
|
0 |
|a Bulletin (Geological Survey (U.S.))
|
| 856 |
4 |
0 |
|u https://purl.fdlp.gov/GPO/gpo59115
|t 0
|
| 999 |
f |
f |
|s c7eae43a-f1e2-33c7-9015-2c3990024bb3
|i 054d8e3d-7100-3391-b546-e23c0bc0aea5
|t 0
|
| 952 |
f |
f |
|a Texas A&M University
|b College Station
|c Electronic Resources
|d Available Online
|t 0
|e I 19.3:M 66/
|h Superintendent of Documents classification
|
| 998 |
f |
f |
|a I 19.3:M 66/
|t 0
|l Available Online
|